000 00445nam a2200181Ia 4500
008 151202s9999||||xx |||||||||||||| ||und||
082 _bPNVM-8932
100 _aKARANDIKAR RAGHUNATH.
245 _aLETTERS FROM ENGLAND.
260 _b---
260 _c0
300 _a214
600 _aKARANDIKAR RAGHUNATH.
630 _aLETTERS FROM ENGLAND.
700 _aKARANDIKAR RAGHUNATH.
730 _aLETTERS FROM ENGLAND.
942 _cBOOK
999 _c1274921
_d1274918